| 000 | 00800nas a2200229 i 4500 | ||
|---|---|---|---|
| 001 | 1691 | ||
| 003 | ES-MaACL | ||
| 005 | 20250927154754.0 | ||
| 007 | t| | ||
| 008 | 950801d18911900sp m| | 1 ||pa d | ||
| 080 | _a51 | ||
| 245 | 0 | 3 |
_aEl Progreso matemático _b: periódico de matemáticas puras y aplicadas / _cdir. Zoel G. de Galdeano. |
| 260 |
_aZaragoza : _b[El Progreso matemático], _c1891-1900? ( _fImp. C. Ariño) |
||
| 300 |
_a3 v. ; _c22 cm. |
||
| 310 | _aMensual | ||
| 362 | 0 | _aAño 1, n. 1 (20 en. 1891)-año 5, [n. 55] (2. semestre 1895); 2. serie, año 1, n. 1 (mayo 1899)- [1900?] | |
| 650 | 1 | 7 |
_aMatemáticas _2embne _914814 |
| 700 | 1 |
_aGarcía de Galdeano, Zoel, _d1846-1924 _954429 |
|
| 852 |
_aES-MaACL _jG-6709-11 |
||
| 866 | 0 | _o1893-95. | |
| 999 |
_c1691 _d1691 |
||